Uplatňovanie duálneho vzdelávania na Slovensku (právno-ekonomický pohľad) bakalárska práca

Guardado en:
Detalles Bibliográficos
Autor principal: Petríková, Nina
Autores Corporativos: Ekonomická univerzita v Bratislave. Národohospodárska fakulta, Univerzita Komenského v Bratislave. Právnická fakulta
Otros Autores: Poláková, Zdenka
Formato: Libro
Lenguaje:eslovaco
Publicado: Bratislava 2018
Etiquetas: Agregar Etiqueta
Sin Etiquetas, Sea el primero en etiquetar este registro!

MARC

LEADER 00000nbm a2200000 4500
001 0245972
005 20181214122821.4
041 0 |a slo 
044 |a SK 
245 1 0 |a Uplatňovanie duálneho vzdelávania na Slovensku (právno-ekonomický pohľad)  |b bakalárska práca  |c Nina Petríková ; školiteľ: Zdenka Poláková 
264 1 |a Bratislava  |c 2018 
300 |a 53 s. 
100 1 |a Petríková, Nina 
700 1 |a Poláková, Zdenka 
710 2 |a Ekonomická univerzita v Bratislave. Národohospodárska fakulta 
710 2 |a Univerzita Komenského v Bratislave. Právnická fakulta